| 000 | 00346nam a2200145Ia 4500 | ||
|---|---|---|---|
| 008 | 150201s2005 xx 000 0 und d | ||
| 082 |
_a618 _bG2005D |
||
| 100 | _aDUTTA,D.C. | ||
| 245 | _aTEXT BOOK OF GYNACOLOGY | ||
| 250 | _a4TH | ||
| 260 |
_bCENTRALPUBLICATION _aCALCUTTA _c2005 |
||
| 300 | _a1-625 | ||
| 650 | _aGYNAECOLOGY | ||
| 942 |
_2ddc _cBK |
||
| 999 |
_c3896 _d3896 |
||